| 000 | 00496nam a2200145 a 4500 | ||
|---|---|---|---|
| 008 | 080109s1973 ||||||||||||||||| || u | ||
| 050 | _aQ 125 Des | ||
| 100 | _aVoran, Glenn I | ||
| 245 | 1 | 0 | _aScience and human destiny |
| 260 |
_aNew York _bMcGraw-Hill _c1973 |
||
| 300 | _ax, 318p. : ill. | ||
| 350 | _a0.00 | ||
| 700 | _aDessel, Norman F | ||
| 995 |
_D0.00 _FCBU-MAIN LIBRARY (Kitwe) _H1 _I9.45 _M1 _UAVAILABLE _ZAnnex Low-Usage Collection |
||
| 999 |
_c57076 _d57076 |
||